• 首页
  • 本馆介绍
  • 公告通知
  • 最新文献
  • 馆藏检索
  • 电子资源
  • 读者导购
  • 参考咨询
  • 我的图书馆
  • 登录
  • 详细信息显示
  • 放入我的书架
  • 预约/预借图书
  • 作者相关作品
  • 分类相关作品
  • 丛书相关作品
  • 出版社相关作品

书目信息

  • 表格格式
  • 工作单格式
  • 卡片格式
题名:
能源消费经济学
    
 
作者: 吴巧生 编著
分册:  
出版信息: 北京   科学出版社  2013
页数: 216页
开本: 24cm
丛书名: “资源经济与管理”丛书
单 册:
中图分类: F426.2
科图分类:
主题词: 能源消费--消费经济学--研究 , 能源消费 , 消费经济学
电子资源:
ISBN: 978-7-03-037354-0
000 01051nam0 2200301 450
001 519
005 20140909094404.96
010    @a978-7-03-037354-0@dCNY68.00
100    @a20131217d2013 em y0chiy50 ea
101 0  @achi
102    @aCN@b110000
105    @ay z 000yy
106    @ar
200 1  @a能源消费经济学@ANeng Yuan Xiao Fei Jing Ji Xue@f吴巧生[等]编著@FWu Qiao Sheng [ Deng ] Bian Zhu
210    @a北京@c科学出版社@d2013
215    @a216页@d24cm
225 2  @a“资源经济与管理”丛书
300    @a中国地质大学(武汉)人文社会科学学术出版基金资助
304    @a编著者还有:汪小英、李世祥、汪金伟
330    @a本书以能源消费问题为脉络,系统介绍了能源消费的一般理论与规律、能源效率及其影响因素、能源需求预测方法,并从实证角度探讨了中国及世界的能源消费问题。
461  0 @12001 @a“资源经济与管理”丛书
606 0  @a能源消费@x消费经济学@x研究
606 0  @a能源消费
606 0  @a消费经济学
690    @aF426.2@v5
701  0 @a吴巧生@AWu Qiao Sheng@4编著
801  0 @aCN@bTANGWEI@c20140603
905    @b0838069-71@dF426.2@e125@f3
    
    能源消费经济学/吴巧生[等]编著.-北京:科学出版社,2013
    216页;24cm.-(“资源经济与管理”丛书)
    中国地质大学(武汉)人文社会科学学术出版基金资助
    
    ISBN 978-7-03-037354-0:CNY68.00
    本书以能源消费问题为脉络,系统介绍了能源消费的一般理论与规律、能源效率及其影响因素、能源需求预测方法,并从实证角度探讨了中国及世界的能源消费问题。
●
相关链接 在E读中查询图书 在五车中查询图书 在当当中查询图书 在豆瓣中查询图书


正题名:能源消费经济学     索取号:F426.2/125         预约/预借

序号 登录号 条形码 馆藏地/架位号 状态 备注
1 0838069   208380697   第一样本阅览室/ [索取号:F426.2/125] 在馆    
2 0838070   208380704   第一借阅区/ [索取号:F426.2/125] 在馆    
3 0838071   208380713   密集书库-海洋学院/ [索取号:F426.2/125] 在馆    
唐山师范学院图书馆 欢迎您!
大连网信软件有限公司© 版权所有